La muerte de Matusalén y otros cuentos / (Registro nro. 58433)

Detalles MARC
000 -CABECERA
Longitud fija campo de control 01625nam a2200361Ic 4500
003 - • IDENTIFICADOR DELl NÚMERO DE CONTROL
Identificador del número de control CO-BoRNBP
005 - • FECHA Y HORA DE LA ÚLTIMA TRANSACCIÓN
Fecha y hora de la última transacción 20250822155932.0
007 - • CAMPO FIJO DE DESCRIPCIÓN FÍSICA
Campo fijo de descripción física ta
008 - • CÓDIGOS DE INFORMACIÓN DE LONGITUD FIJA
Códigos de información de longitud fija 160601s2003 ck g 000 0 spa
020 ## - • NÚMERO INTERNACIONAL NORMALIZADO PARA LIBROS
Número Internacional Normalizado para Libros (ISBN) 9580475784
040 ## - FUENTE DE LA CATALOGACIÓN
Centro catalogador de origen CO-BoRNBP
Lengua de catalogación spa
Normas de descripción rda
Centro transcriptor CO-BoRNBP
041 ## - • CÓDIGO DE LENGUA
Código de lengua del texto/banda sonora o título independiente spa
084 ## - • Clasificación Local Alfanúmerica PNLB
Número de clasificación C
100 ## - • PUNTO DE ACCESO PRINCIPAL-NOMBRE DE PERSONA
Nombre de persona Singer, Isaac Bashevis,
Fechas asociadas al nombre 1904-1991
Término indicativo de función aut
245 13 - • TITULO PROPIAMENTE DICHO
Título La muerte de Matusalén y otros cuentos /
Mención de responsabilidad, etc. Isaac Bashevis Singer ; traducción Marcelo Birmajer.
250 ## - • MENCIÓN DE EDICIÓN
Mención de edición 1a. edición
264 #1 - PRODUCCIÓN, PUBLICACIÓN , DISTRIBUCIÓN, FABRICACIÓN Y COPYRIGHT
Lugar de producción, publicación, distribución, fabricación Bogotá, Colombia :
Nombre del productor, editor, distribuidor, fabricante Norma,
Fecha de de producción, publicación, distribución, fabricación o copyright 2003
300 ## - • DESCRIPCIÓN FÍSICA
Extensión 255 páginas
336 ## - TIPO DE CONTENIDO
Término de tipo de contenido texto
Código de tipo de contenido txt
Fuente rdacontent
337 ## - TIPO DE MEDIO
Nombre del tipo de medio sin mediación
Código del tipo de medio n
Fuente rdamedia
338 ## - TIPO DE SOPORTE
Nombre del tipo de soporte volumen
Código del tipo de soporte nc
Fuente rdacarrier
490 0# - • MENCIÓN DE SERIE
Mención de serie La otra orilla
505 0# - • NOTA DE CONTENIDO CON FORMATO
Nota de contenido con formato El judío de Babilonia -- El amigo de la casa -- Entierro en el mar -- El recluso -- Disfrazado -- El acusado y el acusador -- La trampa -- El contrabandista -- La mirilla en el portal -- La amarga verdad -- El empresario -- Logaritmos -- Regalo
534 ## - • Nota De Versión Original
Título The death of Methuselah and other stories
650 07 - • PUNTO DE ACCESO ADICIONAL DE MATERIA - TÉRMINO DE MATERIA
Término de materia o nombre geográfico como elemento inicial Amistad en la literatura
Fuente del encabezamiento o término LEMB
650 07 - • PUNTO DE ACCESO ADICIONAL DE MATERIA - TÉRMINO DE MATERIA
Término de materia o nombre geográfico como elemento inicial Contrabando en la literatura
Fuente del encabezamiento o término lemb
650 04 - • PUNTO DE ACCESO ADICIONAL DE MATERIA - TÉRMINO DE MATERIA
Término de materia o nombre geográfico como elemento inicial Cuentos polacos
Subdivisión cronológica Siglo XX
Fuente del encabezamiento o término LEMB
650 04 - • PUNTO DE ACCESO ADICIONAL DE MATERIA - TÉRMINO DE MATERIA
Término de materia o nombre geográfico como elemento inicial Literatura polaca
Subdivisión cronológica Siglo XX
Fuente del encabezamiento o término LEMB
700 ## - • PUNTO DE ACCESO ADICIONAL - NOMBRE DE PERSONA
Nombre de persona Birmajer, Marcelo,
Fechas asociadas al nombre 1966-
Término indicativo de función trl
740 0# - • PUNTO DE ACCESO ADICIONAL - TÍTULO RELACIONADO O ANALÍTICO NO CONTROLADO
Título relacionado o analítico no controlado El judío de Babilonia;\\
-- El amigo de la casa;\\
-- Entierro en el mar;\\
-- El recluso;\\
-- Disfrazado;\\
-- El acusado y el acusador;\\
-- La trampa;\\
-- El contrabandista;\\
-- La mirilla en el portal;\\
-- La amarga verdad;\\
-- El empresario;\\
-- Logaritmo
942 ## - ENTRADA DE ELEMENTOS AGREGADOS (KOHA)
Fuente de clasificaión o esquema
Koha [por defecto] tipo de item Libro Literatura
Existencias
Perdido Fuente de clasificación o esquema Estado Físico No para préstamo Forma de adquisición Localización permanente Localización actual Localización en estanterías Fecha adquisición Préstamos totales Signatura completa Código de barras Fecha última consulta Número de copia Fecha del precio de reemplazo Tipo de item de Koha
  Dewey Decimal Classification     Colección General Biblioteca Pública Mapiripan Biblioteca Pública Mapiripan Literatura 08/22/2025   C SIN1 MAP00004480 08/22/2025 Ej.1 08/22/2025 Libro Literatura









Instituto Departamental de Cultura del Meta - Red Departamental de Bibliotecas Públicas del Meta.